000 00789nam a2200253Ia 4500
003 OSt
005 20220918171354.0
006 a|||||r|||| 00| 0
007 ta
008 220917b |||||||| |||| 00| 0 eng d
020 _a9781558765764 (pbk)
_c1941.09
024 _a286,644
037 _b673, 01/12/2015, Selectbook Service Syndicate
_cTextual
040 _aARTS
_cARTS
_beng
041 _2eng
_aeng
082 _aY15.6, Q5
100 _aRomero Patricia W.
_936145
245 0 _aAfrican women
_b Historical panorma
260 _aPrinceton
_bMarkus Wiener Publisher U.S.A
_c2015
300 _axii, 359p.
_ccm.
650 _aSOCIOLOGY
942 _hY15.6, Q5
_cTEXL
_2CC
999 _c139249
_d139249